The House of Habsburg : Six hundred years of a European dynasty
This is the history of the House of Habsburg and its rise to power and dominance in the lands of Austria.
Gorde:
| Egile nagusia: | |
|---|---|
| Formatua: | Liburua |
| Hizkuntza: | Undetermined |
| Argitaratua: |
Westport, Conn.
Greenwood Press
1964
|
| Gaiak: | |
| Etiketak: |
Etiketa erantsi
Etiketarik gabe, Izan zaitez lehena erregistro honi etiketa jartzen!
|
| Thư viện lưu trữ: | Trung tâm Học liệu Trường Đại học Cần Thơ |
|---|
| LEADER | 00678nam a2200205Ia 4500 | ||
|---|---|---|---|
| 001 | CTU_219071 | ||
| 008 | 210402s9999 xx 000 0 und d | ||
| 082 | |a 929.73 | ||
| 082 | |b W245 | ||
| 100 | |a Wandruszka, Adam | ||
| 245 | 4 | |a The House of Habsburg : | |
| 245 | 0 | |b Six hundred years of a European dynasty | |
| 245 | 0 | |c Adam Wandruszka | |
| 260 | |a Westport, Conn. | ||
| 260 | |b Greenwood Press | ||
| 260 | |c 1964 | ||
| 520 | |a This is the history of the House of Habsburg and its rise to power and dominance in the lands of Austria. | ||
| 650 | |a Habsburg, Gia tộc,Habsburg, House of. | ||
| 904 | |i Trúc | ||
| 980 | |a Trung tâm Học liệu Trường Đại học Cần Thơ | ||